000 01051nam a22002657a 4500
003 PE SENCICO BE
005 20251020182706.0
008 240219b |||||||| |||| 00| 0 eng d
040 _aPE SENCICO BE
_cPE SENCICO BE
041 _aspa
084 _aI
_aDIS
_a2012
_bL91
100 1 _91962
_aLozada Salazar, Carlos
_eautor
245 1 _aVisual merchandising :
_bSagafalabella /
_cCarlos Lozada Salazar
260 _aLima :
_c2013
300 _a[140] h. :
_bil. col. ;
_c30 cm.
502 _aMonografía de Titulación.-- Servicio Nacional de Capacitación para la Industria de la Construcción. Escuela Superior Técnica. Carrera Profesional Técnica en Diseño de Interiores, 2012
650 1 0 _944
_aDiseño de interiores
650 1 0 _91149
_aMercadotecnia
650 1 0 _91963
_aPromoción de ventas
650 1 0 _9880
_aCentros comerciales
650 1 0 _91964
_aImagen corporativa
710 1 _aServicio Nacional de Capacitación para la Industria de la Construcción.
_bEscuela Superior Técnica
_91065
910 _bhfp
_chfp
942 _cMON
999 _c4951
_d4951